000 00769nam a2200205 i 4500
001 47790
003 ES-MaACL
005 20250826142135.0
007 t|
008 030131s1905 fr ||||1| fre d
100 1 _aJean-Aubry, G.
_966230
245 1 0 _aCamille Mauclair
_b: biographie critique illustrée d'un portrait-frontispice et d'un autographe, suivie d'opinions et d'une bibliographie /
_cpar G.-Jean Aubry.
260 _aParis :
_bE. Sansot,
_c1905.
300 _a59 p., [1] h. de lám. :
_bil. ;
_c18 cm.
490 1 _aLes célébrités d'aujourd'hui
600 1 4 _aMauclair, Camille,
_d1872-1945
_979178
830 0 _aLes célébrités d'aujourd'hui
_9180788
852 _aES-MaACL
_jD-748(3)
_q. - Encuadernado con otras obras
999 _c47790
_d47790